000 00335nam a22001457a 4500
008 210531b ||||| |||| 00| 0 eng d
020 _a9780534192549
041 _aeng
080 _25th
_a311
082 _a311
100 _a55
101 _aSTA
245 _aBasic Statistics tales of Distributions
_cChris Spatz
942 _2udc
_cBK
999 _c57858
_d57858